Estatuto jurídico de la televisión chilena

محفوظ في:
التفاصيل البيبلوغرافية
المؤلف الرئيسي: Squella Narducci, Agustín (مؤلف)
التنسيق: كتاب
اللغة:الإسبانية
منشور في: Valparaíso s.n 1970
الموضوعات:
الوسوم: إضافة وسم
لا توجد وسوم, كن أول من يضع وسما على هذه التسجيلة!

MARC

LEADER 00000nam a2200000 a 4500
001 UCS2659
003 CL-VaPUC
008 970604e19700000cl |||||||||||||||||spa|d
082 0 4 |a 343.099  |b SQU  |2 21 
100 0 |a Squella Narducci, Agustín  |e author  |9 388334 
245 1 0 |a Estatuto jurídico de la televisión chilena 
300 |a 185 p 
942 |c BK 
945 |d 19970604 00:00:00  |a paguirre 
260 |a Valparaíso  |b s.n  |c 1970 
600 0 7 |a CONSEJO NACIONAL DE TELEVISION  |2 CL-VaPUC  |9 256844 
650 0 |a Televisión  |9 256845 
650 7 |a LEGISLACION  |2 CL-VaPUC  |9 388335 
650 0 |a Derecho constitucional   |9 222588 
650 7 |a CENSURA CINEMATOGRAFICA  |2 CL-VaPUC  |9 388292 
651 7 |a CHILE  |2 CL-VaPUC  |9 388336 
999 |c 260600  |d 260598 
583 |k Rodrigo Vera 
952 |0 0  |1 0  |4 0  |6 343_099000000000000_SQU_1970  |7 0  |8 A  |9 286830  |a BIBDER  |b BIBDER  |d 2019-11-19  |i 1860933  |o 343.099 SQU 1970  |p 1860933  |r 2019-11-19  |w 2019-11-19  |y BK  |k DER